Les mots de la langue française terminés par "ouette" - Statistiques

Statistiques générales
  • Ce quiz a été pris 693 fois
  • Le résultat moyen est 5 sur 11
Statistiques - réponses
Indice Mot % Correct
édredon couette
84%
rapace chouette
81%
oiseau mouette
75%
oiseau alouette
61%
outil brouette
59%
apparence silhouette
50%
coq girouette
38%
tour pirouette
27%
outil serfouette
11%
appât bouette
7%
échassier marouette
2%
Aucun quiz correspondant
Distribution des résultats
% des personnes avec chaque résultat
Percentile par nombre de réponses
Votre historique - résultats
Vous n’avez pas pris ce quiz